000 00614nam a2200241Ia 4500
003 OSt
005 20221005133108.0
006 a|||||r|||| 00| 0
007 ta
008 221004b |||||||| |||| 00| 0 ben d
024 _a62071
037 _cTextual
040 _aCRL
_cCRL
_bben
041 _2ben
_aben
082 _aO157,3M76,7, 32H8
100 _aMoosad Baskaran Au.
_9642066
245 0 _aVijaya
260 _c1948
650 _a BENGALI LITERATURE
650 _aBENGALI FICTION
942 _hO157,3M76,7, 32H8
_cTEXL
_2cc
999 _c1065716
_d1065716